| 000 -LEADER |
| fixed length control field |
03640cam a2200493 a 4500 |
| 001 - CONTROL NUMBER |
| control field |
14514451 |
| 003 - CONTROL NUMBER IDENTIFIER |
| control field |
OSt |
| 005 - DATE AND TIME OF LATEST TRANSACTION |
| control field |
20180116192421.0 |
| 008 - FIXED-LENGTH DATA ELEMENTS--GENERAL INFORMATION |
| fixed length control field |
060823s2007 enkab b 001 0 eng |
| 010 ## - LIBRARY OF CONGRESS CONTROL NUMBER |
| LC control number |
2006028117 |
| 015 ## - NATIONAL BIBLIOGRAPHY NUMBER |
| National bibliography number |
GBA683593 |
| Source |
bnb |
| 016 7# - NATIONAL BIBLIOGRAPHIC AGENCY CONTROL NUMBER |
| Record control number |
013567368 |
| Source |
Uk |
| 020 ## - INTERNATIONAL STANDARD BOOK NUMBER |
| International Standard Book Number |
0415399084 (hbk : alk. paper) |
| 020 ## - INTERNATIONAL STANDARD BOOK NUMBER |
| International Standard Book Number |
9780415399081 (hbk : alk. paper) |
| 020 ## - INTERNATIONAL STANDARD BOOK NUMBER |
| International Standard Book Number |
0415399092 (pbk : alk. paper) |
| 020 ## - INTERNATIONAL STANDARD BOOK NUMBER |
| International Standard Book Number |
9780415399098 (pbk : alk. paper) |
| 020 ## - INTERNATIONAL STANDARD BOOK NUMBER |
| International Standard Book Number |
0203964268 (ebk.) |
| 020 ## - INTERNATIONAL STANDARD BOOK NUMBER |
| International Standard Book Number |
9780203964262 (ebk.) |
| 035 ## - SYSTEM CONTROL NUMBER |
| System control number |
(OCoLC)ocm71173820 |
| 040 ## - CATALOGING SOURCE |
| Original cataloging agency |
DLC |
| Language of cataloging |
eng |
| Transcribing agency |
DLC |
| Modifying agency |
BAKER |
| -- |
BWKUK |
| -- |
YDXCP |
| -- |
UKM |
| -- |
IXA |
| -- |
BTCTA |
| -- |
NLGGC |
| -- |
BWK |
| -- |
YHM |
| -- |
I8H |
| -- |
SNU |
| -- |
OCLCQ |
| -- |
DLC |
| 043 ## - GEOGRAPHIC AREA CODE |
| Geographic area code |
a-ii--- |
| -- |
a-ce--- |
| 050 00 - LIBRARY OF CONGRESS CALL NUMBER |
| Classification number |
NA1501 |
| Item number |
.C55 2007 |
| 082 00 - DEWEY DECIMAL CLASSIFICATION NUMBER |
| Classification number |
720.941 |
| Edition number |
22 |
| 084 ## - OTHER CLASSIFICATION NUMBER |
| Classification number |
21.62 |
| Number source |
bcl |
| 245 00 - TITLE STATEMENT |
| Title |
Colonial modernities : |
| Remainder of title |
building, dwelling and architecture in British India and Ceylon / |
| Statement of responsibility, etc. |
edited by Peter Scriver and Vikramaditya Prakash. |
| 260 ## - PUBLICATION, DISTRIBUTION, ETC. |
| Place of publication, distribution, etc. |
London ; |
| -- |
New York : |
| Name of publisher, distributor, etc. |
Routledge, |
| Date of publication, distribution, etc. |
2007. |
| 300 ## - PHYSICAL DESCRIPTION |
| Extent |
ix, 287 p. : |
| Other physical details |
ill., maps ; |
| Dimensions |
26 cm. |
| 490 1# - SERIES STATEMENT |
| Series statement |
The architext series |
| 504 ## - BIBLIOGRAPHY, ETC. NOTE |
| Bibliography, etc. note |
Includes bibliographical references (p. 241-278) and index. |
| 505 00 - FORMATTED CONTENTS NOTE |
| Title |
Between materiality and representation : framing an architecural critique of colonial South Asia / |
| Statement of responsibility |
Peter Scriver and Vikramaditya Prakash -- |
| Title |
Stones and texts : the architectural historiography of colonial India and its colonial-modern contexts / |
| Statement of responsibility |
Peter Scriver -- |
| Title |
The stone books of orientalism / |
| Statement of responsibility |
Stephen Cairns -- |
| Title |
Empire-building and thinking in the Public Works Department of British India / |
| Statement of responsibility |
Peter Scriver -- |
| Title |
"Strangers within the gate" : public works and industrial art reform / |
| Statement of responsibility |
Arindam Dutta -- |
| Title |
Between copying and creation : the Jeypore portfolio of architectural details / |
| Statement of responsibility |
Vrkamaditya Prakash -- |
| Title |
Institutional audiences and architectural style : the Napier Museum / |
| Statement of responsibility |
Paul Walker -- |
| Title |
A tomb of one's own : the governor's house, Lahore / |
| Statement of responsibility |
Sylvia Shorto -- |
| Title |
The other face of primitive accumulation : the garden house in British colonial Bengal / |
| Statement of responsibility |
Swati Chattopadhyay -- |
| Title |
The trouser under the cloth : personal space in colonial-modern Ceylon / |
| Statement of responsibility |
Anoma Pieris -- |
| Title |
Negotiated modernities : symbolic terrains of housing in Delhi / |
| Statement of responsibility |
Jyoti Hosagrahar. |
| 520 ## - SUMMARY, ETC. |
| Summary, etc. |
A carefully crafted selection of essays from international experts, this book explores the effect of colonial architecture and space on the societies involved - both the colonizer and the colonized. Focusing on British India and Ceylon, the essays explore the discursive tensions between the various different scales and dimensions of such 'empire-building' practices and constructions. Providing a thorough exploration of these tensions, Colonial Modernities challenges the traditional literature on the architecture and infrastructure of the former European empires, not least that of the British Indian 'Raj'. |
| 650 #0 - SUBJECT ADDED ENTRY--TOPICAL TERM |
| Topical term or geographic name entry element |
Architecture, British colonial |
| Geographic subdivision |
India. |
| 9 (RLIN) |
7327 |
| 650 #0 - SUBJECT ADDED ENTRY--TOPICAL TERM |
| Topical term or geographic name entry element |
Architecture and society |
| Geographic subdivision |
India. |
| 9 (RLIN) |
7328 |
| 650 #0 - SUBJECT ADDED ENTRY--TOPICAL TERM |
| Topical term or geographic name entry element |
Architecture, British colonial |
| Geographic subdivision |
Sri Lanka. |
| 9 (RLIN) |
7329 |
| 650 #0 - SUBJECT ADDED ENTRY--TOPICAL TERM |
| Topical term or geographic name entry element |
Architecture and society |
| Geographic subdivision |
Sri Lanka. |
| 9 (RLIN) |
7330 |
| 700 1# - ADDED ENTRY--PERSONAL NAME |
| Personal name |
Scriver, Peter. |
| 9 (RLIN) |
7331 |
| 700 1# - ADDED ENTRY--PERSONAL NAME |
| Personal name |
Prakash, Vikramaditya. |
| 9 (RLIN) |
7332 |
| 776 08 - ADDITIONAL PHYSICAL FORM ENTRY |
| Relationship information |
Online version: |
| Title |
Colonial modernities. |
| Place, publisher, and date of publication |
London ; New York : Routledge, 2007 |
| Record control number |
(OCoLC)619749801 |
| 830 #0 - SERIES ADDED ENTRY--UNIFORM TITLE |
| Uniform title |
The architext series. |
| 9 (RLIN) |
7333 |
| 856 41 - ELECTRONIC LOCATION AND ACCESS |
| Materials specified |
Table of contents only |
| Uniform Resource Identifier |
<a href="http://catdir.loc.gov/catdir/toc/ecip0619/2006028117.html">http://catdir.loc.gov/catdir/toc/ecip0619/2006028117.html</a> |
| 906 ## - LOCAL DATA ELEMENT F, LDF (RLIN) |
| a |
7 |
| b |
cbc |
| c |
orignew |
| d |
1 |
| e |
ecip |
| f |
20 |
| g |
y-gencatlg |
| 942 ## - ADDED ENTRY ELEMENTS (KOHA) |
| Source of classification or shelving scheme |
|
| Koha item type |
Book |